Cuentos / (Registro nro. 12793)

Detalles MARC
000 -LIDER
fixed length control field 00755nam a22002417a 4500
003 - IDENTIFICACDOR DE NÚMERO DE CONTROL
control field DO-SdBNP
005 - DATE AND TIME OF LATEST TRANSACTION
control field 20171130115909.0
008 - ELEMENTOS DE LONGITUD FIJA
fixed length control field 171108b 1976 mx ||||| |||| 00| 0 spa d
020 ## - ISBN
International Standard Book Number 8420616176
040 ## - FUENTE DE CATALOGACIÓN
Agencia que crea de manera original el registro BPMSU
Idioma de catalogación spa
Agencia que realiza la transcripción BPMSU
092 ## - LOCALLY ASSIGNED DEWEY DECIMAL CALL NUMBER
Número de clasificación xxxx
Número de ítem (Cutter) xxxx
100 1# - ASIENTO PRINCIPAL -- NOMBRE PERSONAL
Nombre personal Grimm, Jacob,
Títulos u otras palabras asociadas con el nombre 1786-1859.
245 10 - MENCIÓN DE TITULO
Título Cuentos /
Mención de responsabilidad Jacob Ludwig y Wilhelm Karl Grimm ; antología y traducción de Pedro Gálvez.
260 ## - PUBLICACIÓN, DISTRIBUCIÓN, ETC. (PIE DE IMPRENTA)
Lugar de publicación, distribución, etc Madrid :
Nombre del editor, distribuidor, etc. Alianza Editorial,
Fecha de publicación, distribución, etc 1976.
300 ## - DESCRIPCIÓN FÍSICA
Extensión 288 p. :
Otros detalles físicos il. ;
Dimensiones 18 cm.
490 1# - MENCIÓN DE SERIES
Mención de serie Libro del bolsillo
Volume/sequential designation 617
700 12 - ASIENTO SECUNDARIO -- NOMBRE PERSONAL
Nombre personal Grimm, Wilhelm Karl
700 12 - ASIENTO SECUNDARIO -- NOMBRE PERSONAL
Nombre personal Gálvez, Pedro,
Mención de responsabilidad tr.
830 #0 - ASIENTO SECUNDARIO DE SERIE--TÍTULO UNIFORME
Título uniforme Libro del bolsillo
Volume number/sequential designation 617
942 ## - ADDED ENTRY ELEMENTS (KOHA)
Source of classification or shelving scheme Dewey Decimal Classification
Koha item type Libros
945 ## - INFORMACIÓN DE PROCESAMIENTO LOCAL
Información de procesamiento local Inventariado 2017 /LP
956 ## - LOCAL ELECTRONIC LOCATION AND ACCESS (OCLC)
Nombre de host LOPEREZ
Número de acceso 10
Información de compresión 20171108
Trayectoria 0041
Existencias
Withdrawn status Lost status Source of classification or shelving scheme Damaged status Not for loan Collection code Home library Current library Date acquired Source of acquisition Total Checkouts Barcode Date last seen Price effective from Koha item type
    Dewey Decimal Classification     Colección General Biblioteca Pública Metropolitana Salomé Ureña Biblioteca Pública Metropolitana Salomé Ureña 11/08/2017 Donado por FUNDI   BPMSU17110083 11/08/2017 11/08/2017 Libros